LEADER 01370nam a2200277 i 4500 001 000000185633 003 CaOOAMICUS 005 20100210000000.0 008 100210s1918 it u000 u ita u 013 $a163667 040 $aSeMil$bita 100 1 $aFacchinetti, Vittorino,$c.$0(OLS)http://semarc/name/12360 245 10$aSiate allegri! :$bil serafico poverello e la gioia della vita /$cP. Dott. Vittorino Facchinetti O. F. M ; con una introduzione del Dott. Roberto Franchi. 250 $a2. Edizione ampliata. 260 $aMilano :$bRomolo Ghirlanda,$c1918. 300 $aXXX, 272 p., 15 p., [4] p. di tav. ;$c20 cm. 490 0 $aBiblioteca di coltura francescana ;$v1. 500 $aIn mezzo al front : Tre illustrazioni fuori testo. 600 04$aFrancesco : d'Assisi .$0(OLS)http://semarc/subject/1416 650 4$aGioia - Spiritualitą.$0(OLS)http://semarc/subject/17516 700 1 $aFranchi, Roberto.$0(OLS)http://semarc/name/68221 830 0$aBiblioteca di coltura francescana ;$v1.$0(OLS)http://semarc/title/30666 850 $aSeMil 852 $aSeMil$W1$xVenegono$y1$m3F III 160$j136324$B136324$CSeMilBibl$Z2$F147856 $81 996 $6245$aSiate allegri! :$bil serafico poverello e la gioia della vita$9(OLS)http://semarc/title/266815 996 $6260$aMilano :$bRomolo Ghirlanda$9(OLS)http://semarc/publisher/33465 LEADER 01406nam a2200301 i 4500 001 000000115201 003 CaOOAMICUS 005 20030515000000.0 008 030515s1998 it u000 u ita u 013 $a87889 020 $a88-215-3780-3 040 $aSeMil$bita 240 00$aBibbia. N.T. Lettera agli Ebrei .$0(OLS)http://semarc/title/113597 245 10$aLettera agli Ebrei :$buna grande omelia su Gesł sacerdote /$cGiovanni Giavini. 260 $aCinisello Balsamo :$bSan Paolo,$c1998. 300 $a53 p. ;$c20 cm. 490 0 $aLa Bibbia nelle nostre mani ;$v13 500 $aCon dedica omaggio dell'Autore. - Fondo Card. C.M. Martini. 650 4$aBibbia. Nuovo testamento. Lettera agli Ebrei - Commentari, studi, critica, interpretazioni.$0(OLS)http://semarc/subject/43 700 1 $aGiavini, Giovanni,$c.$0(OLS)http://semarc/name/17859 830 3$aLa Bibbia nelle nostre mani ;$v13.$0(OLS)http://semarc/title/10281 850 $aSeMil 852 $aSeMil$W1$xVenegono$y1$m2V I 392$j269651$B70732$CSeMilBibl$Z2$F98664 $81 941 1 $a4 961 $aOmaggio: Martini Card. Carlo Maria 996 $6020$a88-215-3780-3$9(OLS)http://semarc/number/98879 996 $6245$aLettera agli Ebrei :$buna grande omelia su Gesł sacerdote$9(OLS)http://semarc/title/168650 996 $6260$aCinisello Balsamo :$bSan Paolo$9(OLS)http://semarc/publisher/30129